000 00825nas a2200253 4500
001 BR2018002245
003 BR-BrBNA
005 20231205131443.0
007 ta
008 230509b bl.|||p| |||| 00| 00por d
040 _aBR-BrBNA
_bpor
_cBiblioteca Nacional de Agricultura
041 _a(Pt)
072 _aK50
100 1 _aMelo, R.R.
100 1 _aMenezzi, C.H.S. del
245 1 _aEstimativa das propriedades de compostos LVL produzidos com paricá (Schizolobium amazonicum Huber ex Ducke)por meio de stress wave
650 _aPARICÁ
650 _aÁRVORE ANGIOSPERMA
650 _aMADEIRA
650 _aPROPRIEDADE MECÂNICA
773 0 _tRevista Árvore (Brazil)
_xISSN 0100-6762
_g(Nov-Dec 2014), v. 38(6); p. 1155-1163
_wBR2018002245
909 _a202311
_bLúcia
_c55
_dLúcia Elande
942 _2AGRIS
_n0
_cANA
999 _c254915
_d254915